[Event "Moscow Aeroflot op-A"]
[Site "Moscow"]
[Date "2003.02.14"]
[Round "4"]
[White "Alexandrova, Olga"]
[Black "Svidler, Peter"]
[Result "0-1"]
[WhiteElo "2462"]
[BlackElo "2693"]
[Annotator "Krasenkow,M"]
[PlyCount "92"]
[EventDate "2003.02.10"]
[EventType "swiss"]
[EventRounds "9"]
[EventCountry "RUS"]
[SourceTitle "CBM 094"]
[Source "ChessBase"]
[SourceDate "2003.05.26"]
[SourceVersion "1"]
[SourceVersionDate "2003.05.26"]
[SourceQuality "1"]

1. d4 Nf6 2. c4 g6 3. Nc3 d5 4. cxd5 Nxd5 5. e4 Nxc3 6. bxc3 Bg7 7. Bc4 c5 8.
Ne2 Nc6 9. Be3 O-O 10. O-O Bd7 11. Rb1 ({For} 11. Rc1 {- see several games in
previous issues, in which Black obtained good positions.}) 11... a6 $1 {
The most useful reply. Black intends to solve the problem of his b-pawn by
means of ...b7-b5. Less accurate are} (11... Rc8 12. Bd3 {and}) (11... Na5 12.
Bd3) 12. dxc5 {As Black can't play ...b7-b6 anymore, it is logical that White
captures this pawn and tries to keep it as long as possible. Other options:} (
12. f4 Na5 (12... b5 $5 13. Bd5 e6 14. Bb3 cxd4 15. cxd4 Na5 16. Rc1 Rc8 17.
Qd2 Bc6 18. Ng3 Nxb3 19. axb3 Qd7 $11 {0-1 Vladimirov,E-Van Mil,J/Groningen
1989/EXT 98 (37)}) 13. Bd3 e6 14. dxc5 Ba4 15. Qd2 Qd7 16. e5 Rfd8 17. Bd4 Nc6
18. Qe3 Rac8 19. Rb6 Bf8 20. Rfb1 Nxd4 21. cxd4 Bxc5 22. Rxb7 Qd5 $11 {0-1
Blasko,I-Feher,G/Zalakaros 2000/EXT 2002 (42)}) (12. a4 Na5 13. Bd3 Qe8 {
[%csl Ra4]} 14. Bc2 b5 15. Nf4 Nc4 16. Bc1 Rc8 $132 {0-1 Banhazi,I-Schneider,V/
Budapest 2001/EXT 2003 (51)}) (12. d5 $5 {needs more tests:} Na5 (12... Ne5 $5)
13. Bd3 Rc8 14. Qd2 e6 15. Bh6 exd5 16. Bxg7 Kxg7 17. exd5 b5 18. Ng3 Qh4 19.
Rfe1 Rfe8 20. f4 Nb7 21. Qf2 Nd6 22. Re5 $14 {1-0 Vaisser,A-Colovic,A/Ohrid
2001/CBM 84 (37)}) (12. Qd2 b5 13. Bd3 (13. Bd5 cxd4 14. cxd4 e6 15. Bb3 Qa5
16. Qd3 Rac8 $132 {1-0 Farago,I-Dub,Z/Budapest HUN 2003/The Week in Chess (29).
}) 13... cxd4 14. cxd4 Qa5 15. Qxa5 Nxa5 16. Rfc1 Rfc8 17. f3 e5 18. Kf2 exd4 {
1/2-1/2 Jussupow,A-Svidler,P/Dortmund 1998/CBM 66 (18)}) (12. Bd3 Qc7 (12...
cxd4 13. cxd4 b5 14. h3 Qa5 15. Qb3 Rac8 16. Rfd1 Rfd8 17. Rbc1 {1/2-1/2
Beliavsky,A-Svidler,P/Germany 2003/CBM 93 (17)}) 13. Bf4 e5 14. Bg3 b5 15. Kh1
Rae8 16. Bc2 Qa7 17. d5 Na5 18. a4 f5 $1 $132 {0-1 Begunov,K-Svidler,P/St
Petersburg 1994/CBM 41/[Ftacnik] (46) 0-1}) 12... Na5 (12... Qc7 $5 13. Nd4 Na5
14. Be2 Rfc8 15. f4 e5 16. fxe5 Qxe5 17. Bd3 Qe7 18. Nb3 {1/2-1/2 Kramnik,
V-Sokolov,I/Wijk aan Zee 1999/CBM 69 (18)}) 13. Bd5 $6 {This "active" move
can't harm Black. The other options are preferable:} (13. Bd3 Qc7 14. Nd4 (14.
Qc2 Rfc8 15. Nc1 e6 16. Nb3 Rab8 17. Rfd1 {1/2-1/2 Khalifman,A-Avrukh,B/
Panormo 2001/CBM 84 ext (17)}) (14. f4 Be6 15. Qa4 Rfd8 16. Bd4 Bd7 17. Qb4
Rac8 18. e5 Bc6 19. Ng3 e6 20. Qb2 Bf8 $44 {1/2-1/2 Ftacnik,L-Svidler,P/Berlin
GER 2003/The Week in Chess 437 (31)}) 14... Rfd8 (14... Rfc8 15. Qe2 e6 16. Nb3
Nxb3 17. Rxb3 Bc6 18. f4 Rd8 19. e5 {1/2-1/2 Gustafsson,J-Horvath,C/Jenbach
AUT 2003/The Week in Chess 429 (19)}) 15. Qe2 e6 16. Nb3 {1/2-1/2 Gulko,
B-Shabalov,A/Seattle USA 2003/The Week in Chess 428 (16)}) (13. Bb3 $5 {
is interesting but nobody has played it since 1990:} Bb5 14. Re1 Nxb3 (14...
Qxd1 $5 15. Rbxd1 Nxb3 16. axb3 Bxe2 17. Rxe2 Bxc3) 15. Qxb3 Qa5 16. f3 Rfc8
17. c4 Bc6 18. Nd4 Be8 $2 19. Qxb7 $16 {1-0 Shneider,A-Van Mil,J/Kusadasi 1990/
EXT 2000 (27)}) 13... Qc7 $1 $146 {The most solid reply.} (13... e6 {brings
Black a poor position, with insufficient compensation for the missing pawn,
but... quite satisfactory results:} 14. Bxb7 Nxb7 15. Rxb7 Bc6 (15... Bb5 $5)
16. Rb6 Bxe4 17. Qa4 Qd3 (17... Qd5 18. Rd1 (18. Rd6 $1 Qe5 (18... Qf5 19. Ng3
Bc2 20. Nxf5 Bxa4 21. Nxg7 Kxg7 22. Bd4+ $16) 19. f4 Bc6 20. fxe5 Bxa4 21. Rf4
$1 Bc2 22. Bd4 $16) 18... Bd3 19. c6 Bb5 20. Rxd5 Bxa4 $14 {0-1 Iclicki,
W-Zeliakov,N/FIDE.com 2002/EXT 2003 (50). (50)}) 18. Nf4 Qc2 19. Qc4 (19. Qxc2
$5 Bxc2 20. Rc1) 19... Rad8 20. Rd6 Bb7 21. Rc1 Qf5 22. Rcd1 $14 {0-1 Vokac,
M-Van Mil,J/Bad Woerishofen 1993/CBM 34 (49)}) 14. Bf4 (14. a4 e6 15. Ba2 Qc6)
14... Qc8 15. Qd2 (15. Qd3 {, with idea to prevent ...Bb5, can be met by} Qxc5
$1 16. Bxf7+ (16. Bxb7 Bb5) 16... Rxf7 17. Qxd7 Qc4 18. Qd2 Qxe4 $15) 15... Bb5
$1 16. c4 {White gives back a pawn to prevent the blockade on c4.} Nxc4 17. Qb4
Ne5 18. Bxe5 Bxe5 $15 {In this position Black's bishop is stronger than
White's knight.} 19. Rfe1 Rb8 20. a4 Bc6 21. Bxc6 bxc6 {Black's plan is to
exchange one pair of rooks and continue bothering White on both sides, making
use of his strong bishop.} 22. Qc4 Rd8 23. Rb6 (23. a5 Rb5 $1) 23... a5 $1 24.
Reb1 h5 $5 (24... Rd2 $5) 25. Qb3 Qd7 26. Qc2 h4 27. h3 Bc7 28. Rxb8 Bxb8 29.
Kf1 Ba7 {[%csl Rc5]} 30. f3 Qc7 31. Qc3 Rd7 32. Kf2 Qd8 33. Ke3 $6 {Too bold.}
(33. Rc1 $142 {firmly defending.}) 33... e6 34. Qe5 Rd3+ (34... Rd1 {was
strong enough.}) 35. Kf2 Qe7 36. Nd4 Qd7 (36... Rd2+ $5 37. Ke3 Rxg2 (37... Ra2
38. Kd3 $1) 38. Kd3 $1 Kh7 39. Nxc6 Qxc5 40. Qxc5 Bxc5 $17) 37. Ne2 Ra3 38. Qg5
(38. Ke1 $142 $1 $132) 38... Rxa4 $6 (38... Qd3 {or even}) (38... Qd6 $5 {
was much stronger. The text move gives White strong counterplay.}) 39. Ke1 $1
Ra3 40. Nf4 $4 {This time-control move definitely loses the game. Meanwhile,
after} (40. Rd1 Rd3 41. Rxd3 Qxd3 42. Qe7 Qb1+ (42... Qa6 43. e5) 43. Kf2 Qb8 {
[%csl Ra7,Rb8]} 44. f4 $1 a4 45. f5 $1 {, opening up the position of Black's
king, White should reach a perpetual check.}) 40... Qd4 41. Ne2 Qxc5 42. Qxh4
g5 43. Qg3 Ra2 44. f4 Rxe2+ 45. Kxe2 Qc2+ 46. Kf3 Qd3+ 0-1

[Event "Bundesliga 0203"]
[Site "Germany"]
[Date "2002.12.14"]
[Round "5.1"]
[White "Prusikin, Michael"]
[Black "Svidler, Peter"]
[Result "0-1"]
[WhiteElo "2504"]
[BlackElo "2690"]
[Annotator "Krasenkow,M"]
[PlyCount "54"]
[EventDate "2002.10.19"]
[EventType "team-tourn"]
[EventRounds "15"]
[EventCountry "GER"]
[SourceTitle "CBM 093"]
[Source "ChessBase"]
[SourceDate "2003.04.01"]
[SourceVersion "1"]
[SourceVersionDate "2003.04.01"]
[SourceQuality "1"]
[WhiteTeam "Forchheim"]
[BlackTeam "Baden Oos"]
[WhiteTeamCountry "GER"]
[BlackTeamCountry "GER"]

1. d4 Nf6 2. c4 g6 3. Nc3 d5 4. cxd5 Nxd5 5. e4 Nxc3 6. bxc3 Bg7 7. Bc4 c5 8.
Ne2 Nc6 9. Be3 O-O 10. O-O Bd7 11. Qd2 Rc8 12. Rac1 Qa5 {One of the most
topical positions of the 7.Bc4 system.} 13. Qb2 (13. d5 $6 {is apparently
refuted by the new plan} Ne5 14. Bb3 Qa6 $1 {The idea of this move - see CBM92,
annots to Onischuk-Svidler. Other lines:} (14... c4 15. Bc2 e6 16. Rb1 b6 17.
f4 Ng4 18. dxe6 fxe6 19. e5 Bc6 20. Nd4 Bd5 21. h3 Nxe3 22. Qxe3 Qc5 23. h4 $16
{1-0 Vyzmanavin,A-Mikhalchishin,A/Moscow 1989/TD (31)}) (14... Ng4 $5 15. Bg5
c4 16. Bc2 f6 17. Bf4 e5 18. dxe6 Bxe6 19. Nd4 Bf7 20. Rb1 b6 21. Bd6 Rfd8 22.
Bb4 Qh5 23. h3 Ne5 $132 {0-1 Wendt,J-Konopka,M/Pardubice 1996/CBM 55 ext (42)})
(14... e6 15. f4 Ng4 16. e5 (16. c4 Qxd2 17. Bxd2 exd5 18. cxd5 Bb5 19. Bc4
Bxc4 20. Rxc4 b5 21. Rc2 Nf6 22. Ng3 Rfe8 23. d6 Nd7 24. Be3 Rc6 25. Rb1 {
1/2-1/2 Shirov,A-Epishin,V/Daugavpils 1989/CBM 16 (25)}) 16... Rfd8 $1 (16...
c4 17. dxe6 Bxe6 18. Bc2 Rfd8 19. Bd4 Rd7 20. h3 Nh6 21. g4 Bd5 22. Ng3 $36 {
1-0 Knaak,R-Michaelsen,N/Germany 1990/GER-chT (37)}) 17. h3 Nxe3 18. Qxe3 c4 $5
19. dxe6 Bxe6 20. Bc2 Qc5 21. Nd4 b5 22. Rce1 b4 $1 23. Nxe6 Qxe3+ 24. Rxe3
fxe6 25. cxb4 Bf8 $1 26. a3 a5 27. Rb1 c3 $1 $44 {Shneider,A-Epishin,V/Sibenik
1989}) 15. Rfd1 (15. Bg5 e6 16. dxe6 Bxe6 17. Bd5 Bxd5 18. exd5 Rfe8 19. Ng3
Nd3 20. Rb1 c4 $17 {0-1 Georgiev,V-Ftacnik,L/Bled 2002/EXT 2003 (32)}) 15...
Bb5 16. Ng3 Nc4 17. Bxc4 Bxc4 18. Rc2 Rfd8 19. Qe1 Qa4 20. Rcc1 b5 21. f4 Rd7
22. f5 Qxa2 23. Ra1 Qb3 24. Bd2 Bd3 25. Qe3 c4 26. fxg6 hxg6 {0-1 Eynullaeva,
R-Vorobiov,E/Moscow 2000/EXT 2001 (26)}) (13. Rfd1 {is inpretentious:} e6 14.
Qb2 cxd4 15. cxd4 Qb4 16. Rd2 Qxb2 17. Rxb2 Na5 18. Bd3 Rxc1+ 19. Bxc1 b6 20.
Rc2 Rc8 21. Rxc8+ Bxc8 $11 {0-1 Alberton,R-Epishin,V/Bratto 2000/CBM 77 ext 
(58)}) 13... b6 {A simple but good response. Practice has also seen:} (13...
Qc7 $6 14. Qa3 Qb8 15. Rfd1 Rfd8 16. h3 $6 (16. Bf4 $5) 16... b5 17. Rb1 b4 18.
Qa6 cxd4 19. cxd4 Be8 $13 {0-1 Roeschlau,B-Van Mil,J/Groningen 1988/EXT 97 (42)
. (42)}) (13... cxd4 $5 14. cxd4 Qb4 15. Qxb4 Nxb4 16. a3 Nc6 17. Ba2 Na5 18.
Nc3 e6 $11 {0-1 Syre,C-Suhl,D/Germany 1999/GER-chT2 (31)}) (13... Rc7 14. Bf4
e5 15. Bd2 exd4 16. cxd4 Qa4 17. Bf4 Nxd4 18. Nxd4 Bxd4 19. Qb1 b5 20. Bb3 (20.
Bxc7 bxc4 $44) 20... Qa5 21. Bxc7 Qxc7 22. Qd3 Qb6 $44 {0-1 Ruiz Escobar,
R-Alonso,S/Pamplona ESP 2002/The Week in Chess 424 (34)}) 14. f4 e6 15. Rfd1 $6
{This doesn't correspond to White's previous move.} ({Logic dictates} 15. Ng3 {
[%cal Yf4f5]}) 15... Rfd8 16. dxc5 {It is well known that this capture is
harmless even if White wins a pawn.} Bf8 $1 17. Qb5 $6 (17. cxb6 {was more
consistent although after} Bc5 18. Qd2 axb6 19. Nd4 Qa8 $5 {Black has a full
compensation for the missing pawn as his position is "more compact" 
(definition by Nimzowitsch) and White has a number of weaknesses (a2, c3, e4
or, in case of e4-e5, light squares).}) 17... Bxc5 18. Bxc5 bxc5 {Now, with
material balance and still a more compact position, Black has good prospects.}
19. Rb1 Be8 20. Qxa5 (20. Kf2 Rxd1 21. Rxd1 Rb8 {doesn't change much.}) 20...
Rxd1+ 21. Rxd1 Nxa5 22. Bb3 $6 {Too passive.} (22. Ba6 Rb8 23. Ng3 $15 {
was probably a must.}) 22... Rb8 23. Rb1 Nc4 24. Rd1 Ne3 25. Rd2 $4 (25. Rd3 c4
26. Rxe3 cxb3 27. axb3 Rxb3 {lead to a clear advantage for Black, due to his
outside passed pawn, but the text loses instantly.}) 25... c4 26. Bc2 Rb2 27.
Rd8 Kf8 ({After} 27... Kf8 28. Ba4 Rxe2 {Black sweeps away White's second rank.
}) 0-1

[Event "GER CupT semifinal"]
[Site "Berlin"]
[Date "2003.03.22"]
[Round "1.1"]
[White "Ftacnik, Lubomir"]
[Black "Svidler, Peter"]
[Result "1/2-1/2"]
[WhiteElo "2616"]
[BlackElo "2693"]
[Annotator "Krasenkow,M"]
[PlyCount "62"]
[EventDate "2003.03.22"]
[EventType "team"]
[EventRounds "2"]
[EventCountry "GER"]
[SourceTitle "CBM 095"]
[Source "ChessBase"]
[SourceDate "2003.07.25"]
[SourceVersion "1"]
[SourceVersionDate "2003.07.25"]
[SourceQuality "1"]
[WhiteTeam "Hamburger SK"]
[BlackTeam "Baden Oos"]
[WhiteTeamCountry "GER"]
[BlackTeamCountry "GER"]

1. d4 Nf6 2. c4 g6 3. Nc3 d5 4. cxd5 Nxd5 5. e4 Nxc3 6. bxc3 Bg7 7. Bc4 c5 8.
Ne2 Nc6 9. Be3 O-O 10. O-O Bd7 11. Rb1 a6 {About this favourite weapon of GM
Peter Svidler - see CBM94, annotations to Alexandrova-Svidler.} 12. dxc5 Na5
13. Bd3 Qc7 14. f4 Be6 (14... Rfd8 {-see Nielsen-Ivanchuk in this issue.}) 15.
Qa4 Rfd8 16. Bd4 {White doesn't want to remove his rooks from "b" and "f"
files but the bishop is vulnerable on d4.} Bd7 17. Qb4 Rac8 18. e5 Bc6 19. Ng3
e6 {[%cal Yg7f8]} 20. Qb2 (20. Ne4 Bxe4 21. Bxe4 Bf8 $11) 20... Bf8 21. Qf2
Bxc5 $2 {A tactical oversight.} (21... Bd5 $11) 22. Bxg6 $2 {Did White believe
his opponent? After} (22. Bxc5 Rxd3 23. Bb6 Qd7 24. Bxa5 Rd2 (24... Qd5 25. Bb4
) 25. Ne2 Qd3 26. Rfe1 Rxa2 (26... Bb5 27. c4) 27. Ra1 {Black can't recover
the piece.}) {With the text move White's sacrifices a piece himself but his
attack can be parried.} 22... Bxd4 23. Bxh7+ Kxh7 24. cxd4 Rg8 (24... Bd5 $5
25. f5 (25. Nh5 Qc2 26. Qg3 Qg6) 25... Qc2 26. Ne2 Qd2 $1 (26... Qe4 $2 27. Nf4
$1) 27. fxe6 Bxe6 $17) 25. f5 Bd5 $2 (25... Qd8 $142 $1 {[%cal Rd8h4,Yd8d5]}
26. f6 Qd5 $17) (25... Rg4 $5 26. h3 Rg7 {[%cal Rc8g8]}) 26. Rbe1 $2 {Missing
a strong reply} (26. Ne4 $1 Bxe4 27. Qh4+ Kg7 28. Qxe4 $5 (28. fxe6 Bxb1 29.
Qf6+ Kf8 30. Qh6+ Rg7 31. Qh8+ Rg8 $11) 28... Qc2 29. Qe1 $40 {[%csl Rg7]})
26... exf5 $6 {Unwisely giving up the f5 point.} (26... Rg4 $1) 27. Qxf5+ Rg6
28. Re2 {White's pieces are now active and his g2 pawn protected, which
guarantees him a sufficient compensation for the piece.} Nc6 29. Qh3+ Rh6 (
29... Kg8 30. Nf5 $5) 30. Qf5+ Rg6 {Black decides not to risk playing for a
win.} (30... Kg8 31. Qf4 Rg6 32. Rd2 $44 {[%cal Yg3f5,Yg3h5]}) 31. Qh3+ Rh6
1/2-1/2

[Event "Sigeman & Co 11th"]
[Site "Malmo"]
[Date "2003.05.05"]
[Round "6"]
[White "Nielsen, Peter Heine"]
[Black "Ivanchuk, Vassily"]
[Result "1/2-1/2"]
[WhiteElo "2625"]
[BlackElo "2704"]
[Annotator "Krasenkow,M"]
[PlyCount "47"]
[EventDate "2003.04.29"]
[EventType "tourn"]
[EventRounds "9"]
[EventCountry "SWE"]
[EventCategory "13"]
[SourceTitle "CBM 095"]
[Source "ChessBase"]
[SourceDate "2003.07.25"]
[SourceVersion "1"]
[SourceVersionDate "2003.07.25"]
[SourceQuality "1"]

1. d4 Nf6 2. c4 g6 3. Nc3 d5 4. cxd5 Nxd5 5. e4 Nxc3 6. bxc3 Bg7 7. Bc4 c5 8.
Ne2 Nc6 9. Be3 O-O 10. O-O Bd7 11. Rb1 a6 12. dxc5 Na5 13. Bd3 Qc7 14. f4 Rfd8
{[%mdl 512] This move (looking like a blunder) is in fact a correct exchange
sacrifice.} (14... Be6 {-see Ftacnik-Svidler in this issue.}) 15. c6 {Taking
up the challenge.} (15. Nd4 e5 $1) (15. Bd4 e5 $1) 15... Qxc6 16. Bb6 Bg4 $1
17. Bxd8 (17. h3 Bxe2 18. Qxe2 Qxc3 $5 19. Bxd8 Rxd8 $44) 17... Rxd8 $44 {
Black has a pair of bishops and active position of pieces.} 18. h3 (18. Qc2
Qc5+ 19. Rf2 e5 $5) 18... Qc5+ 19. Kh2 Nc4 (19... Qe3 {was simpler.}) 20. hxg4
Ne3 21. Qd2 Nc4 22. Qd1 $6 {White doesn't take risk playing} (22. Qe1 Rxd3 23.
Rxb7 h5 $5 (23... Ne3 $6 24. Rb8+ Bf8 25. Rf3 Rd1 26. Qh4 Nf1+ 27. Rxf1 Rxf1
28. Qh6 e5 29. f5 $16) (23... Qc8 $5 24. Qb1 Rd8 25. Rf2 Nd6 26. Rb4 (26. Rxe7
$2 Bf6) 26... a5 27. Ra4 Qxg4 28. Kg1 $16) (23... Nd2 24. Rf2 Nxe4 25. Rb8+ Bf8
26. Rf3 $16) 24. e5 (24. Qf2 Ne3 25. Kh1 Qc6 26. Rb8+ Kh7 $44) 24... Ne3 25.
Rb8+ Kh7 26. gxh5 Nxf1+ 27. Qxf1 Qe3 $44) 22... Ne3 23. Qd2 Nc4 24. Qd1 1/2-1/2

[Event "Moscow-ch"]
[Site "Moscow"]
[Date "2003.04.25"]
[Round "4.2"]
[White "Najer, Evgeniy"]
[Black "Vorobiov, Evgeny E"]
[Result "1/2-1/2"]
[WhiteElo "2606"]
[BlackElo "2534"]
[Annotator "Krasenkow,M"]
[PlyCount "62"]
[EventDate "2003.04.20"]
[EventType "k.o."]
[EventRounds "5"]
[EventCountry "RUS"]
[SourceTitle "CBM 095"]
[Source "ChessBase"]
[SourceDate "2003.07.25"]
[SourceVersion "1"]
[SourceVersionDate "2003.07.25"]
[SourceQuality "1"]

1. d4 Nf6 2. c4 g6 3. Nc3 d5 4. cxd5 Nxd5 5. e4 Nxc3 6. bxc3 Bg7 7. Bc4 c5 8.
Ne2 Nc6 9. Be3 O-O 10. O-O Bd7 11. Rb1 a6 12. a4 {Preventing ...b5 but this
pawn becomes vulnerable. And ...b7-b5 will finally follow anyway.} Na5 13. Ba2
(13. Bd3 Qe8 14. Bc2 b5 $132 {0-1 Banhazi,I-Schneider,V/Budapest 2001/EXT 2003
(51)}) 13... cxd4 (13... Qe8 $5 14. d5 $5 Bxa4 15. Qc1) 14. cxd4 Rc8 15. d5 Qe8
16. Rb4 b5 17. axb5 (17. Bd4 $5) 17... Bxb5 {[%csl Gb5]} 18. Re1 (18. Bd4 {
was possible at once but after} Bxd4 19. Rxd4 Nc4 {Black has good counterplay.}
) 18... Nc4 19. Bd4 Ne5 {Complications started with this move lead to an equal
position.} 20. Qa1 (20. Nc3 Nd3 21. Bxg7 Nxb4 22. Bxf8 Qxf8 23. Nxb5 axb5 $11)
20... Nd3 21. Bxg7 Nxb4 22. Nd4 $1 Nxa2 23. Bxf8 Qxf8 24. Qxa2 Qg7 $11 {
Black's strong bishop compensates White's pawn advantage in the centre.} 25.
Qa1 (25. Qd2 Qe5 26. f4 Qd6) 25... Qe5 26. f3 Bd7 27. Rd1 Rc4 28. Ne2 Qd6 29.
Qa5 Bb5 30. h3 Qc5+ 31. Kh2 Qd6+ 1/2-1/2

[Event "EU-Cup 18th"]
[Site "Kallithea"]
[Date "2002.09.24"]
[Round "3.2"]
[White "Onischuk, Alexander"]
[Black "Svidler, Peter"]
[Result "0-1"]
[WhiteElo "2644"]
[BlackElo "2690"]
[Annotator "Krasenkow,M"]
[PlyCount "120"]
[EventDate "2002.09.22"]
[EventType "team-swiss"]
[EventRounds "7"]
[EventCountry "GRE"]
[SourceTitle "CBM 092"]
[Source "ChessBase"]
[SourceDate "2003.02.06"]
[SourceVersion "1"]
[SourceVersionDate "2003.02.06"]
[SourceQuality "1"]
[WhiteTeam "Skopje Kisela Voda"]
[BlackTeam "Paris NAO"]
[WhiteTeamCountry "MKD"]
[BlackTeamCountry "FRA"]

1. d4 Nf6 2. c4 g6 3. Nc3 d5 4. cxd5 Nxd5 5. e4 Nxc3 6. bxc3 Bg7 7. Bc4 c5 8.
Ne2 Nc6 9. Be3 O-O 10. O-O Bd7 11. Rc1 Rc8 12. d5 Ne5 13. Bb3 {About this
line-see CBM84, annotations to the game V.Georgiev-Jaracz.} Qa5 {[%mdl 4] A
new plan pretending to refute 12.d5 altogether. Black is ready to meet c3-c4
with ...b7-b5.} 14. h3 ({Or} 14. Qd2 Qa6 $1 15. Bg5 e6 16. dxe6 Bxe6 17. Bd5
Bxd5 18. exd5 Rfe8 19. Ng3 Nd3 20. Rb1 c4 $17 {0-1 Georgiev,V-Ftacnik,L/Bled
SLO 2002/The Week in Chess 417 (32)}) 14... Qa6 $1 {[%cal Rd7b5]} 15. a4 (15.
c4 b5 16. f4 bxc4 $1 17. fxe5 cxb3 18. axb3 Bxe5 19. Rxc5 Bb5 $1 20. Re1 Bd3
$17) 15... Nc4 16. Bg5 e6 (16... f6 $142 $1 17. Bf4 (17. Bh4 Bh6 18. Rc2 Nd6
$17 {[%cal Rd6e4,Rc5c4]}) 17... Nb2 18. Qd2 Nd3 $15 {Svidler,P}) 17. Qd3 exd5
18. exd5 Na5 (18... b5 19. Bxc4 bxc4 20. Qf3 $13) 19. Qxa6 bxa6 {Black's
active pieces fully compensate the defects of his pawn structure. White must
play accurately not to get into trouble.} 20. Bc2 Rfe8 21. Ng3 {[%cal Rg3e4]
Just losing time as Black easily parries White's threat.} (21. Rfe1 $142 $13)
21... f5 22. Rfe1 c4 23. Nf1 $6 {This knight can't find a good square.} (23.
Ne2 $142 {Svidler,P}) 23... Nb3 24. Rb1 h6 25. Rxe8+ Bxe8 26. Be3 Bxa4 $17 {
White has a lot of weaknesses (c3, d5) while Black's a-pawns are potentially
very dangerous.} 27. g4 $1 {The only way to create counterplay.} Nc5 28. Bxa4
Nxa4 29. Rb7 Rd8 (29... Nxc3 30. Rxg7+) 30. gxf5 gxf5 31. Ng3 Rxd5 32. Rc7 (32.
Rxa7 a5 $17) 32... Nxc3 33. Rxc4 {It is not easy for Black to bring home his
material advantage because of the limited pawn material.} a5 34. Rc6 (34. Bxh6
Bxh6 35. Rxc3 a4 {is certainly hopeless for White.}) ({Or} 34. Rc8+ Kh7 35. Rc7
Nb5 $5 (35... f4 36. Bxf4 Rd1+ 37. Kg2 Nd5 38. Rc4 Rd4 39. Rxd4 Bxd4 40. Bxh6
Bb2 $17 {Svidler,P}) 36. Re7 f4 37. Bxf4 a4 38. Re6 a5 $1 39. Ra6 Nd4 $19)
34... a4 35. Ra6 a3 $6 $138 (35... Bf8 $142 36. Rxa7 a3 37. Nh5 Rd6 38. Kg2 a2
39. Kf3 Be7 $1 $19 {[%cal Rd6d1] Svidler,P}) 36. Rxa3 a5 37. Nh5 Be5 38. Kg2 a4
39. Bf4 Bd4 40. Be3 Bh8 41. Bxh6 {Black had to give the pawn back but his
strong passed pawn guarantees him good winning chances.} Rb5 42. Ng3 Kh7 43.
Bf8 Kg6 44. Bd6 Bd4 $2 {Not energetic enough. Black captures the f2 pawn but
White's passed h-pawn enables him to create counterplay.} (44... Rb3 $1 $17 {
Svidler,P} 45. Ra1 (45. h4 Nb5) 45... Nb5 46. Re1 Bc3 47. Re6+ Kf7 48. Re7+ Kf6
49. Bc5 a3 $19) 45. h4 Rb2 46. Kh3 Rxf2 47. h5+ Kf6 48. Bc5 Bxc5 49. Rxc3 Bd6 (
49... Bf8 $5) 50. h6 Kg6 51. Rc6 Rd2 52. h7 Kxh7 53. Nxf5 $15 {White should
still play accurately to reach the draw.} Bb4 54. Ra6 (54. Rh6+ Kg8 55. Rh4 Rb2
56. Ne7+ Bxe7 57. Rxa4 {with a theoretical draw (everybody must know how to
reach it but not everybody does!)}) (54. Rb6 $5 {Svidler,P}) 54... a3 55. Ra4
a2 56. Nd4 $4 {Quite typical: a blunder destroys fruits of long and hard
defense.} ({According to GM P.Svidler, after} 56. Kg4 {Black can't win, e.g.}
Bc3 ({Or} 56... Rg2+ 57. Kf3 Rh2 58. Kg3 Rc2 59. Nd4 (59. Ne3 Rd2) 59... Rc3+
60. Kg4 Ba3 61. Nc2 Kg6 62. Ra6+ Kf7 63. Kf5 {etc.}) 57. Ra7+ Kg8 58. Ra8+ Kf7
59. Nd6+ Ke6 60. Ne4 Rd4 (60... Rg2+ 61. Kf3 Rc2 62. Nxc3 Rxc3+ 63. Ke4 $1 Rc2
64. Kd3 $11) 61. Rxa2 Rxe4+ $15 {Svidler,P}) 56... Rd3+ 57. Kg2 Ba3 58. Nc2
Rd2+ 59. Kf3 Rxc2 60. Ra7+ Kg6 (60... Kg6 61. Rxa3 Rc3+ $19) 0-1